Państwa Oceanii - Nagła śmierć - Statystyki

Ogólne statystyki
  • Ten quiz został rozwiązany 137 razy
  • Średni wynik to 12 z 14
Answers on the Grid
Answers color-coded by a green-red scale on the quiz's grid according to % correct below.
Antigua i Barbuda
Argentyna
Australia
Fidżi
Filipiny
Indonezja
Kribati
Malezja
Meksyk
Mikronezja
Nauru
Niemcy
Nowa Zelandia
Palau
Papua Nowa Gwinea
Polska
Samoa
Timor Wschodni
Tonga
Turkmenistan
Tuvalu
Vanuatu
Włochy
Wyspy Marshalla
Wyspy Salamona
 
Statystyki odpowiedzi
Odpowiedź % Poprawnych
Fidżi
93%
Australia
88%
Kribati
88%
Palau
88%
Mikronezja
87%
Nowa Zelandia
86%
Papua Nowa Gwinea
86%
Nauru
85%
Vanuatu
85%
Tuvalu
84%
Wyspy Salamona
84%
Samoa
82%
Wyspy Marshalla
80%
Tonga
79%
Nie znaleziono quizów pasujących do podanych kryteriów
Rozkład punktacji
Procent ludzi z każdym wynikiem
Percentyl według liczby udzielonych odpowiedzi
Twoja historia wyników
Nie rozwiązałeś tego quizu